NHL 500 Goal Scorers Club - Statistics

General Stats
  • This quiz has been taken 726 times
  • The average score is 24 of 43
Answer Stats
Hint Answer % Correct
894 Wayne Gretzky
97%
501 (Active) Alexander Ovechkin
94%
801 Gordie Howe
89%
737 (Active) Jaromir Jagr
89%
610 Bobby Hull
82%
741 Brett Hull
82%
690 Mario Lemieux
82%
694 Mark Messier
80%
601 Jari Kurri
74%
692 Steve Yzerman
74%
684 Teemu Selanne
73%
625 Joe Sakic
71%
544 Maurice Richard
71%
717 Phil Esposito
70%
731 Marcel Dionne
69%
573 Mike Bossy
62%
560 Guy Lafleur
61%
668 Luc Robitaille
59%
600 (Active) Jarome Iginla
58%
708 Mike Gartner
57%
564 Mats Sundin
56%
561 Mike Modano
56%
656 Brendan Shanahan
50%
541 Stan Mikita
50%
534 Bryan Trottier
48%
549 Ron Francis
48%
507 Jean Beliveau
47%
640 Dave Andreychuk
46%
518 Dale Hawerchuk
43%
608 Dino Ciccarelli
43%
556 Johnny Bucyk
37%
577 Mark Recchi
35%
500 Lanny McDonald
34%
512 Gilbert Perreault
33%
513 Jeremy Roenick
33%
538 Keith Tkachuk
32%
564 Joe Nieuwendyk
31%
503 Peter Bondra
27%
502 Joe Mullen
25%
548 Michel Goulet
25%
515 Pierre Turgeon
24%
533 Frank Mahovlich
23%
522 Pat Verbeek
16%
No matching quizzes found
Score Distribution
Percent of People with Each Score
Percentile by Number Answered
Your Score History
You have not taken this quiz